| 000 | 00848 a2200277 4500 | ||
|---|---|---|---|
| 003 | OSt | ||
| 005 | 20180116192335.0 | ||
| 008 | 120229t xxu||||| |||| 00| 0 eng d | ||
| 010 | _a 2005924339 | ||
| 020 | _a1563673940 | ||
| 035 | _a(CStRLIN)UTBGA3489483-B | ||
| 035 | _a(UPB)a3489483 | ||
| 040 | _c0 | ||
| 082 | _a701.85 | ||
| 100 | 1 |
_aFeisner, Edith Anderson. _9434 |
|
| 245 | 1 | 0 |
_aColor studies / _cEdith Anderson Feisner. |
| 250 | _a2nd ed. | ||
| 260 |
_aNew York : _bFairchild Publications, _c2006. |
||
| 300 |
_aix, 182 p. : _bcol. ill. ; _c28 cm. |
||
| 500 | _aIncludes bibliographical refrences and index | ||
| 650 | 0 |
_aColor. _9435 |
|
| 650 | 0 |
_aColor in art. _9436 |
|
| 650 | 0 |
_aColor _xPsychological aspects _9437 |
|
| 942 |
_aSADA _cBK _k701.85 FEI 2006 _2ddc |
||
| 999 |
_c352454 _d352454 |
||